书目信息 |
| 题名: |
旅馆.商店设计
|
|
| 作者: | 王永成 编著 | |
| 分册: | ||
| 出版信息: | 哈尔滨 黑龙江科学技术出版社 1998.03 |
|
| 页数: | 167页 | |
| 开本: | 16开 | |
| 丛书名: | ||
| 单 册: | ||
| 中图分类: | ||
| 科图分类: | ||
| 主题词: | 民用建筑--建筑设计 | |
| 电子资源: | ||
| ISBN: | 7-5388-0776-4 | |
| 000 | 00596nam0 2200205 45 | |
| 001 | 9911111663 | |
| 005 | 20010313101055.4 | |
| 010 | @a7-5388-0776-4@d56.00元 | |
| 100 | @a19991111d1998 km y0chiy0120 ea | |
| 101 | @achi | |
| 105 | @a z 000yy | |
| 200 | 1 | @a旅馆.商店设计@ALu Guan.Shang Dian She Ji@f王永成等编著@FWang Yong Cheng Deng Bian Zhu |
| 210 | @a哈尔滨@c黑龙江科学技术出版社@d1998.03 | |
| 215 | @a167页@d16开 | |
| 606 | 0 | @a民用建筑@x建筑设计 |
| 690 | @v3 | |
| 690 | @aTU247.7@v3 | |
| 701 | @a王永成@4编著 | |
| 801 | @aCN@bPFTUser@c19991111 | |
| 905 | @dTU247.7@eW127@b327853-855@f3 | |
| 旅馆.商店设计/王永成等编著.-哈尔滨:黑龙江科学技术出版社,1998.03 |
| 167页;16开 |
| ISBN 7-5388-0776-4:56.00元 |
| ● |
| 相关链接 |
|
|
|
正题名:旅馆·商店设计
索取号:TU247.7/W127
 
预约/预借
| 序号 | 登录号 | 条形码 | 馆藏地/架位号 | 状态 | 备注 |
| 1 | 327853 | 203278531 | 建筑库101/101建筑库 71排3列2层/ [索取号:TU247.7/W127] | 在馆 | |
| 2 | 327854 | 203278540 | 建筑库101/101建筑库 71排3列2层/ [索取号:TU247.7/W127] | 在馆 | |
| 3 | 327855 | 203278559 | 建筑库101/101建筑库 71排3列2层/ [索取号:TU247.7/W127] | 在馆 |